U.S. States With A Desert - Statistics

General Stats
  • This quiz has been taken 64 times
    42 since last reset
  • The average score is 18 of 19
Answer Stats
State % Correct
Arizona
100%
New Mexico
100%
Texas
100%
California
97%
Colorado
97%
Nevada
97%
Wyoming
97%
Alaska
94%
Hawaii
94%
Idaho
94%
Montana
94%
Oklahoma
94%
Oregon
91%
Utah
91%
Kansas
88%
Washington
88%
Nebraska
85%
North Dakota
85%
South Dakota
85%
No matching quizzes found
Score Distribution
Percent of People with Each Score
Percentile by Number Answered
Your Score History
You have not taken this quiz since the last reset